| 000 | 00725cam a2200145 4500500 | ||
|---|---|---|---|
| 005 | 20260201154655.0 | ||
| 041 | _afre | ||
| 042 | _adc | ||
| 100 | 1 | 0 |
_aNaepels, Michel _eauthor |
| 245 | 0 | 0 | _aFrançoise Douaire-Marsaudon, Les Premiers fruits. Parenté, identité sexuelle et pouvoirs, en Polynésie occidentale (Tonga, Wallis et Futuna), Paris, CNRS Éditions/Éditions de la Maison des sciences de l’homme, 1998, 338 p., réf., gloss., index, fig., cartes, ill. h. t., (« Chemins de l’ethnologie ») |
| 260 | _c2001. | ||
| 500 | _a66 | ||
| 786 | 0 | _nL'Homme | 160 | 4 | 2001-10-01 | p. 193zl-300zl | 0439-4216 | |
| 856 | 4 | 1 | _uhttps://shs.cairn.info/revue-l-homme-2001-4-page-193zl?lang=fr&redirect-ssocas=7080 |
| 999 |
_c1643172 _d1643172 |
||